Software Quality Assurance / (Record no. 13535)
[ view plain ]
| 000 -LEADER | |
|---|---|
| fixed length control field | 01887cam a22003134a 4500 |
| 001 - CONTROL NUMBER | |
| control field | 13178066 |
| 005 - DATE AND TIME OF LATEST TRANSACTION | |
| control field | 20040420091207.0 |
| 008 - FIXED-LENGTH DATA ELEMENTS--GENERAL INFORMATION | |
| fixed length control field | 030428s2004 enka |rb 001 0 eng |
| 010 ## - LIBRARY OF CONGRESS CONTROL NUMBER | |
| LC control number | 2003050668 |
| 020 ## - INTERNATIONAL STANDARD BOOK NUMBER | |
| International Standard Book Number | 9780201709452 |
| 040 ## - CATALOGING SOURCE | |
| Original cataloging agency | DLC |
| Transcribing agency | DLC |
| Modifying agency | DLC |
| 042 ## - AUTHENTICATION CODE | |
| Authentication code | pcc |
| 050 00 - LIBRARY OF CONGRESS CALL NUMBER | |
| Classification number | QA76.76.Q35 |
| Item number | G35 2004 |
| 082 00 - DEWEY DECIMAL CLASSIFICATION NUMBER | |
| Classification number | 005.10685 |
| Edition number | 22 |
| Item number | GAL |
| 100 1# - MAIN ENTRY--PERSONAL NAME | |
| Personal name | Galin, Daniel. |
| 9 (RLIN) | 12012 |
| 245 10 - TITLE STATEMENT | |
| Title | Software Quality Assurance / |
| Statement of responsibility, etc | Daniel Galin. |
| 260 ## - PUBLICATION, DISTRIBUTION, ETC. (IMPRINT) | |
| Place of publication, distribution, etc | Harlow, England ; |
| -- | New York : |
| Name of publisher, distributor, etc | Pearson Education Limited, 2004 |
| Date of publication, distribution, etc | 2004. |
| 300 ## - PHYSICAL DESCRIPTION | |
| Extent | xxvi, 590 p. : |
| Other physical details | ill. ; |
| Dimensions | 24 cm. |
| 504 ## - BIBLIOGRAPHY, ETC. NOTE | |
| Bibliography, etc | Includes bibliographical references and indexes |
| 650 #0 - SUBJECT ADDED ENTRY--TOPICAL TERM | |
| Topical term or geographic name as entry element | Computer software |
| General subdivision | Quality control. |
| 9 (RLIN) | 12013 |
| 942 ## - ADDED ENTRY ELEMENTS (KOHA) | |
| Source of classification or shelving scheme | Dewey Decimal Classification |
| Item type | NB - Book (Non borrowing) |
| Withdrawn status | Item status | Source of classification or shelving scheme | Damaged status | Not for loan | Vendor | Home library | Current library | Shelving location | Date acquired | Source of acquisition | Total Checkouts | Full call number | Barcode | Date last seen | Date last borrowed | Koha item type | Total Renewals | Cost, normal purchase price |
|---|---|---|---|---|---|---|---|---|---|---|---|---|---|---|---|---|---|---|
| Dewey Decimal Classification | Baccah | Central Library | Central Library | Lower Floor | 28/02/2010 | 1 | 005.10685 GAL | 000020028 | 15/07/2025 | 23/01/2012 | NB - Book (Non borrowing) | |||||||
| Dewey Decimal Classification | Baccah | Central Library | Central Library | Lower Floor | 28/02/2010 | 3 | 005.10685 GAL | 000019994 | 15/07/2025 | 26/12/2019 | Book - Borrowing | 27 | ||||||
| Dewey Decimal Classification | Baccah | Central Library | Central Library | Lower Floor | 28/02/2010 | 1 | 005.10685 GAL | 000019999 | 15/07/2025 | 08/03/2011 | Book - Borrowing | |||||||
| Dewey Decimal Classification | Baccah | Central Library | Central Library | Lower Floor | 20/04/2011 | 1 | 005.10685 GAL | 000023300 | 15/07/2025 | 20/12/2012 | Book - Borrowing | 1 | 180.00 | |||||
| Dewey Decimal Classification | Baccah | Central Library | Central Library | Lower Floor | 20/04/2011 | 1 | 005.10685 GAL | 000023301 | 15/07/2025 | 14/03/2016 | Book - Borrowing | 180.00 | ||||||
| Dewey Decimal Classification | Baccah | Central Library | Central Library | Lower Floor | 20/04/2011 | 1 | 005.10685 GAL | 000023302 | 15/07/2025 | 24/07/2017 | Book - Borrowing | 2 | 180.00 |